Plats avec du Riz - Mort Subite - Statistiques

Statistiques générales
  • Ce quiz a été pris 337 fois
  • Le résultat moyen est 6 sur 16
Answers on the Grid
Answers color-coded by a green-red scale on the quiz's grid according to % correct below.
Paella
Risotto
Onigiri
Bibimbap
Nasi goreng
Kimbap / Gimbap
Tteokbokki
Phở / Soupe tonkinoise
Arancini
Sartù di riso
Pilaf / Pilau
Biryani
Jambalaya
Riz djon-djon
Kiritanpo
Teurgoule
Rigatoni au pesto
Macaroni au fromage
Bortsch
Choripán
Pâté chinois
Shelpek
Griot
Ragoût de boulettes
Cochinita pibil
Umngqusho
Salade périgourdine
Ndolé
 
Statistiques - réponses
Réponse % Correct
Paella
84%
Risotto
83%
Pilaf / Pilau
69%
Riz djon-djon
65%
Onigiri
63%
Bibimbap
44%
Arancini
40%
Biryani
37%
Sartù di riso
32%
Kimbap / Gimbap
31%
Jambalaya
23%
Nasi goreng
22%
Tteokbokki
17%
Teurgoule
15%
Phở / Soupe tonkinoise
8%
Kiritanpo
3%
Aucun quiz correspondant
Distribution des résultats
% des personnes avec chaque résultat
Percentile par nombre de réponses
Votre historique - résultats
Vous n’avez pas pris ce quiz